Have you got the latest must-have? (Record no. 76369)

MARC details
000 -LEADER
fixed length control field 01119cab a2200205 4500
001 - CONTROL NUMBER
control field ##L132238
008 - FIXED-LENGTH DATA ELEMENTS--GENERAL INFORMATION
fixed length control field 060120n2006 000 0 eng u
035 ## - SYSTEM CONTROL NUMBER
System control number (Sirsi) u132238
041 0# - LANGUAGE CODE
Language code of text/sound track or separate title eng
100 1# - MAIN ENTRY--PERSONAL NAME
Personal name Carun, David
245 00 - TITLE STATEMENT
Title Have you got the latest must-have?
260 ## - PUBLICATION, DISTRIBUTION, ETC.
Date of publication, distribution, etc. 2006
490 #0 - SERIES STATEMENT
Series statement RICS Building Surveying Faculty: The Journal
Volume/sequential designation January / February 2006, 21(1)
520 ## - SUMMARY, ETC.
Summary, etc. Looks at the Construction Skills Certification Scheme (CSCS), which now covers more than 220 occupations and 700 000 cardholders. Membership of the Scheme acts both as proof that a worker is competent to do their job, and that they have achieved a basic level of site safety awareness. The RICS has already introduced professional routes for obtaining a CSCS card for quantity and building control surveyors, and is currently working on a route for chartered building surveyors.
590 ## - LOCAL NOTE (RLIN)
Local note IKA310106
650 24 - SUBJECT ADDED ENTRY--TOPICAL TERM
Topical term or geographic name entry element CONSTRUCTION SKILLS CERTIFICATION SCHEME
650 24 - SUBJECT ADDED ENTRY--TOPICAL TERM
Topical term or geographic name entry element CONSTRUCTION INDUSTRY TRAINING BOARD
690 ## - LOCAL SUBJECT ADDED ENTRY--TOPICAL TERM (OCLC, RLIN)
Topical term or geographic name as entry element CAREERS, EDUCATION AND TRAINING-RICS POST-QUALIFICATION CERTIFICATION SCHEMES
942 ## - ADDED ENTRY ELEMENTS (KOHA)
Suppress in OPAC 0
Holdings
Withdrawn status Lost status Source of classification or shelving scheme Damaged status Not for loan Home library Current library Shelving location Date acquired Total Checkouts Full call number Barcode Date last seen Copy number Price effective from Koha item type
    Dewey Decimal Classification     London London Journal article 20/01/2006   L132238 132238-1001 06/08/2019 1 06/08/2019 Journal article